LEADER 00950nam0-22003371i-450- 001 990001333910403321 010 $a0-412-54290-0 035 $a000133391 035 $aFED01000133391 035 $a(Aleph)000133391FED01 035 $a000133391 100 $a20000920d1994----km-y0itay50------ba 101 0 $aeng 200 1 $aNumerical Hamiltonian Problems$fJ. M. Sanz-Serna, M. P. Calvo. 210 $aLondon$cChapman & Hall$dc1994. 215 $axii, 207 p.$d24 cm 225 1 $aApplied mathematics and mathematical computation$v7 610 0 $aSistemi hamiltoniani 610 0 $aMetodi simplettici 676 $a515.352 700 1$aSanz-Serna,$bJ. M.$060720 702 1$aCalvo,$bM. P. 801 0$aIT$bUNINA$gRICA$2UNIMARC 901 $aBK 912 $a990001333910403321 952 $aC-24-(7$b13949$fMA1 959 $aMA1 962 $a70HXX 996 $aNumerical Hamiltonian Problems$9376000 997 $aUNINA DB $aING01 LEADER 01872nam 2200565 a 450 001 9910450639803321 005 20200520144314.0 010 $a1-60344-722-9 035 $a(CKB)1000000000006114 035 $a(OCoLC)50075936 035 $a(CaPaEBR)ebrary5003171 035 $a(SSID)ssj0000282875 035 $a(PQKBManifestationID)11219527 035 $a(PQKBTitleCode)TC0000282875 035 $a(PQKBWorkID)10323487 035 $a(PQKB)10106976 035 $a(MiAaPQ)EBC3037709 035 $a(Au-PeEL)EBL3037709 035 $a(CaPaEBR)ebr5003171 035 $a(OCoLC)923700092 035 $a(EXLCZ)991000000000006114 100 $a19980220d1998 ub 0 101 0 $aeng 135 $aurcn||||||||| 181 $ctxt 182 $cc 183 $acr 200 14$aThe Plains Indians$b[electronic resource] /$fPaul H. Carlson 205 $a1st ed. 210 $aCollege Station $cTexas A&M University Press$dc1998 215 $a1 online resource (268 p.) 225 1 $aElma Dill Russell Spencer series in the West and Southwest ;$vno. 19 300 $aBibliographic Level Mode of Issuance: Monograph 311 $a0-89096-828-4 320 $aIncludes bibliographical references (p. [217]-236) and index. 410 0$aElma Dill Russell Spencer series in the West and Southwest ;$vno. 19. 606 $aIndians of North America$zGreat Plains$xHistory 606 $aIndians of North America$zGreat Plains$xSocial life and customs 608 $aElectronic books. 615 0$aIndians of North America$xHistory. 615 0$aIndians of North America$xSocial life and customs. 676 $a978/.00497 700 $aCarlson$b Paul Howard$0904592 801 0$bMiAaPQ 801 1$bMiAaPQ 801 2$bMiAaPQ 906 $aBOOK 912 $a9910450639803321 996 $aThe Plains Indians$92022911 997 $aUNINA